ბათუმის შოთა რუსთაველის სახელმწიფო უნივერსიტეტის ბიბლიოთეკა

საყმაწვილო ენციკლოპედია / (ბიბ.ჩანაწერი № 62964)

000 -ლიდერი
ფიქსირებული სიგრძის საკონტროლო ველი 00968nam a22002057a 4500
003 - საკონტროლო ნომრის იდენტიფიკატორი
საკონტროლო ველი Ge_BSU
005 - ბოლო ოპერაციის თარიღი და დრო
საკონტროლო ველი 20250415115233.0
008 - ფიქსირებული სიგრძის მონაცემთა ელემენტები - ზოგადი ინფორმაცია
ფიქსირებული სიგრძის საკონტროლო ველი 250415s2021 ge ||||| |||| 00| 0 geo d
020 ## - წიგნის საერთაშორისო სტანდარტული ნომერი
International Standard Book Number 9789941325472
041 ## - ენის კოდი
Language code of text/sound track or separate title geo
080 ## - უნივერსალური ათობითი კლასიფიკაციის ინდექსი
Universal Decimal Classification number 087.5(031) ს-34
245 ## - ცნობა სათაურის შესახებ
Title საყმაწვილო ენციკლოპედია /
Statement of responsibility, etc თარგმნა ნინო ბელთაძემ; რედაქტორი ლადო იოსებაძე.
264 ## - წარმოების, გამოცემის, დისტრიბუციის და სხვა ცნობები
გამოცემის, წარმოების, დისტრიბუციის... ადგილი თბილისი :
გამოცემის, წარმოების, დისტრიბუციის... სახელწოდება პალიტრა L,
გამოცემის, წარმოების, დისტრიბუციის... თარიღი 2021.
300 ## - ფიზიკური აღწერა
Extent 384 გვ. :
Other physical details ილ., ფოტ. ;
Dimensions 23 სმ.
500 ## - ზოგადი შენიშვნა
General note საძიებელი: გვ. 368-383.
653 ## - INDEX TERM--UNCONTROLLED
Uncontrolled term საყმაწვილო ენციკლოპედიები
700 ## - ADDED ENTRY--PERSONAL NAME
Personal name ბელთაძე, ნინო
Relator term მთარგმნელი
9 (RLIN) 24808
700 ## - ADDED ENTRY--PERSONAL NAME
Personal name იოსებაძე, ლადო
Relator term რედაქტორი
9 (RLIN) 17896
942 ## - ADDED ENTRY ELEMENTS (KOHA)
Source of classification or shelving scheme
Koha item type წიგნი
ეგზემპლარები
ჩამოწერის სტატუსი დაკარგული ეგზემპლარის სტატუსი კლასიფიკაციის წყარო ან თაროზე გაწყობის სქემა დაზიანების სტატუსი არ გაიცემა მუდმივი მდებარეობა (დაცვის ადგილი) ამჟამინდელი ადგილსამყოფელი თაროზე განთავსების ადგილი შეძენის თარიღი ღირებულება, შესყიდვის ნორმალური ფასი სრული შენახვის შიფრი შტრიხკოდი ბოლო ოპერაციის თარიღი ეგზემპლარის მიმდევრობითი ნომერი (კეტერი?) Uniform Resource Identifier ფასის ძალაში შესვლის თარიღი ეგზემპლარის სახეობა საჯარო შენიშვნა
          ბათუმის შოთა რუსთაველის სახელმწიფო უნივერსიტეტის მთავარი ბიბლიოთეკა ბათუმის შოთა რუსთაველის სახელმწიფო უნივერსიტეტის მთავარი ბიბლიოთეკა წიგნსაცავი 2025-04-15 15.00 087.5(031) ს-34 71135 2025-04-15 71135 ნაჩუქარი 2025-04-15 წიგნი 15 ლ.
          ბათუმის შოთა რუსთაველის სახელმწიფო უნივერსიტეტის მთავარი ბიბლიოთეკა ბათუმის შოთა რუსთაველის სახელმწიფო უნივერსიტეტის მთავარი ბიბლიოთეკა წიგნსაცავი 2025-04-15 15.00 087.5(031) ს-34 71136 2025-04-15 71136 ნაჩუქარი 2025-04-15 წიგნი 15 ლ.
          ბათუმის შოთა რუსთაველის სახელმწიფო უნივერსიტეტის მთავარი ბიბლიოთეკა ბათუმის შოთა რუსთაველის სახელმწიფო უნივერსიტეტის მთავარი ბიბლიოთეკა წიგნსაცავი 2025-04-15 15.00 087.5(031) ს-34 71137 2025-04-15 71137 ნაჩუქარი 2025-04-15 წიგნი 15 ლ.